1501 1632 1225 1722 1136 1158 1400 1501 1040 1519 1575 1934 1326 1175 1888 1697 1750 1000 1105 1681 1351 1647 1317 1123 1256 1706 1373 1851 1635 1652 1150 1912 1679 1877 1635 1025 1395 1737 1820 1069 1502 1908 1414 1575 1784 1572 1576 1835 1395 1038 1268 1015 1735 1376 1613 1632 1220 1992 1297 1683 1793 1015 1739 1623 1562 1164 1724 1493 1933 1014 1314 1662 1186 1169 1218 1565 1107 1378 1431 1981 1662 1824 1324 1845 1185 1803 1506 1035 1117 1175 1057 1345 1320 1011 1725 1745 1137 1773 1885 BCNSPRNW ULIB Ver.6.0+V

เปลี่ยนเป็นภาษาไทย

Change to English
 แสดงรายละเอียดบรรณานุกรม
  กลับหน้าหลัก

Brief Record : Get Marc (ISO 2709) : E-mail record : QR code < ปิดหน้าต่าง
LEADER : 00000nam 2200000uu 4500
001    13399110576
003     ULIB
008    110603s2550||||th 000 0 tha d
020    9747150689
060  4 WQ210^bช424ล 2550
100 0  ชัยรัตน์ ปัณฑุรอัมพร
245 10 ลูกฉลาดได้ตั้งแต่อยู่ในครรภ์/^cชัยรัตน์ ปัณฑุรอัมพร
250    พิมพ์ครั้งที่ 28
260    กรุงเทพฯ :^bรักลูกบุ๊คส์,^c2550
300    119 หน้า :^bภาพประกอบ
650  7 การดูแลทารกในครรภ์
945    ^p90^l0^i020618
945    ^p90^l0^i012599
945    ^p90^l0^i012598
945    ^p90^l0^i012597
945    ^p90^l0^i012595
945    ^p90^l0^i012596
995    ทศพร
999 ^a ใช้งานได้ทุกระบบ
รายการนี้ยังไม่มีแท็ก
คุณยังไม่ได้ล็อกอิน คุณสามารถมีกิจกรรมร่วมกับเว็บไซต์ได้ แต่ต้องล็อกอินก่อน ::
  ล็อกอิน

รายการสื่อสารสนเทศ

ลำดับที่ ประเภท เลขเรียก/บาร์โค้ด สถานที่ สถานะ
- ไม่พบข้อมูล -

รายการใกล้เคียง
    ผู้แต่ง [ชัยรัตน์ ปัณฑุรอัมพร]

    หัวเรื่อง [การดูแลทารกในครรภ์]

BibComment


ยังไม่เคยถูกคอมเมนท์

คอมเมนท์ทรัพยากรรายการนี้
  คอมเมนท์: ลูกฉลาดได้ตั้งแต่..


 Copyright 2026. Bcnsprnw @Library